MARC details
| 000 -CABECERA |
| campo de control de longitud fija |
03866nam a2200301 4500 |
| 003 - IDENTIFICADOR DEL NÚMERO DE CONTROL |
| campo de control |
EC-UNACH |
| 005 - FECHA Y HORA DE LA ÚLTIMA TRANSACCIÓN |
| campo de control |
20251106111247.0 |
| 006 - CÓDIGOS DE INFORMACIÓN DE LONGITUD FIJA--CARACTERÍSTICAS DEL MATERIAL ADICIONAL |
| campo de control de longitud fija |
s||||gr|||| 00| 00 |
| 008 - DATOS DE LONGITUD FIJA--INFORMACIÓN GENERAL |
| campo de control de longitud fija |
150116t9999 mx r gr 000 0 spa d |
| 020 ## - NÚMERO INTERNACIONAL ESTÁNDAR DEL LIBRO |
| Número Internacional Estándar del Libro |
958-648-422-X |
| 040 ## - FUENTE DE LA CATALOGACIÓN |
| Centro catalogador/agencia de origen |
EC-UNACH |
| Centro/agencia transcriptor |
EC-UNACH |
| 041 ## - CÓDIGO DE LENGUA |
| Código de lengua del texto/banda sonora o título independiente |
spa |
| 082 04 - NÚMERO DE LA CLASIFICACIÓN DECIMAL DEWEY |
| Número de edición |
23 |
| Número de clasificación |
657.42 |
| Número de documento/Ítem |
L017952 |
| 110 ## - ENTRADA PRINCIPAL--NOMBRE DE ENTIDAD CORPORATIVA |
| Nombre de entidad corporativa o nombre de jurisdicción como elemento de entrada |
Eco ediciones |
| 245 ## - MENCIÓN DE TÍTULO |
| Título |
Contabilidad de costos |
| 250 ## - MENCIÓN DE EDICIÓN |
| Mención de edición |
Primera edición |
| 264 ## - Producción, publicación, distribución, fabricación y copyright |
| Lugar de producción, publicación, distribución, fabricación |
Colombia |
| Nombre del de productor, editor, distribuidor, fabricante |
Eco ediciones |
| Fecha de de producción, publicación, distribución, fabricación o copyright |
1994 |
| 300 ## - DESCRIPCIÓN FÍSICA |
| Extensión |
424 |
| 505 ## - NOTA DE CONTENIDO CON FORMATO |
| Nota de contenido con formato |
Contabilidad de costos; Pagina Legal; Tabla de Contenido; Prefacio; 1. Contabilidad de costos - Conceptos básicos; Competencias; el ente económico; Contabilidad financiera, contabilidad gerencial y contabilidad de costos; antecedentes de la contabilidad de costos; naturaleza de los costos de producción; Definición de contabilidad de costos; Características de la contabilidad de costos; objetivos de la contabilidad de costos; el papel del contador de costos; elementos del costo de producción; Materias primas; Mano de obra; Costos indirectos; Clasificación de los costos de producción<br/>Costos del producto y costos del periodo Costo total y costo unitario; Costos variables, costos fijos y costos mixtos; Costos directos y costos indirectos; Costos controlables y costos no controlables; Costos históricos y costos predeterminados; Costo de producción y costos de operación; Estados financieros de empresas de manufactura; Balance general; estado del costo de ventas; estado de resultados; Flujo de los costos de producción; Flujo de producción; Sistemas de costos; Sistema de costos por órdenes de trabajo; Sistema de costos por procesos; Hoja de costos<br/>Características del sistema de costos por órdenes de trabajo Ciclo de la contabilidad de costos; Resumen; Glosario; Preguntas de autoevaluación; ejercicios y problemas de evaluación; 2. Costeo por órdenes de trabajo - Materias primas; Competencias; Definición de inventarios; Materias primas; Clasificación de las materias primas; Diagrama de flujo de datos; Control de los inventarios; Reserva de materias primas; Compra de materias primas; Solicitud de compra de materias primas; Orden de compra; Recepción de materias primas; devolución de materias primas al proveedor<br/>almacenamiento de materias primas orden de trabajo; Consumo de materias primas; devolución de materias primas al almacén; Determinación del tamaño optimo del inventario de materias primas; Punto del nuevo pedido; Contabilización de los inventarios; Sistemas de inventario; Sistema permanente; Sistema periódico; Compras de materias primas; Transporte, fletes y acarreos; impuesto sobre las ventas; Retención en la fuente; descuento comercial; Descuento financiero; devolución de materias primas al proveedor; Consumo de materias primas; devolución de materias primas al almacén<br/>Provisiones para inventarios Métodos de valuación del inventario de materias primas; PEPS - Primeros en entrar, primeros en salir; UEPS - Últimos en entrar, primeros en salir; Promedio ponderado; Identificación especifica; Resumen ; Glosario; Preguntas de autoevaluación; ejercicios y problemas de evaluación; 3. Costeo por órdenes de trabajo - Mano de obra; Competencias; naturaleza de la mano de obra; Pagos laborales; Salario; Jornada de trabajo; Trabajo diurno o nocturno 4- Costeo por orden de trabajo - Costos indirectos 5- División por departamentos de los costos indirectos 6- Costeo por procesos 7- Costos conjuntos - Coproductos y subproductos . |
| 650 ## - PUNTO DE ACCESO ADICIONAL DE MATERIA--TÉRMINO DE MATERIA |
| Término de materia o nombre geográfico como elemento inicial |
CONTABILIDAD DE COSTOS CONCEPTOS BASICOS |
| 650 ## - PUNTO DE ACCESO ADICIONAL DE MATERIA--TÉRMINO DE MATERIA |
| Término de materia o nombre geográfico como elemento inicial |
ENTE ECONOMICO |
| 650 ## - PUNTO DE ACCESO ADICIONAL DE MATERIA--TÉRMINO DE MATERIA |
| Término de materia o nombre geográfico como elemento inicial |
CONTABILIDAD FINACIERA , CONTABILIDAD GERENCIAL, CONTABILIDAD DE COSTOS |
| 700 ## - PUNTO DE ACCESO ADICIONAL--NOMBRE DE PERSONA |
| Nombre de persona |
Gonzalo Sinisterra Valencia |
| 942 ## - ELEMENTOS DE PUNTO DE ACCESO ADICIONAL (KOHA) |
| Fuente del sistema de clasificación o colocación |
Clasificación Decimal Dewey |
| Tipo de ítem Koha |
Libros |
| 999 ## - NÚMEROS DE CONTROL DE SISTEMA (KOHA) |
| Koha biblionumber |
14146 |